Does Market Socialism Work?

Na minha lista:
Detalhes bibliográficos
Autor principal: Schüller, Alfred
Formato: Livro
Idioma:inglês
Publicado em: London The Centre for Research into Communist Economies 1988
Edição:1. ed.
Tags: Adicionar Tag
Sem tags, seja o primeiro a adicionar uma tag!

MARC

LEADER 00000nam a2200000 4500
001 c033609
005 20221219115714.1
041 0 |a eng 
044 |a GB 
245 1 0 |a Does Market Socialism Work?  |c Alfred Schüller 
250 |a 1. ed. 
264 1 |a London  |b The Centre for Research into Communist Economies  |c 1988 
300 |a 71 s. 
100 1 |a Schüller, Alfred